|
|
|
|
| LEADER |
00784cam a2200241 7i4500 |
| 001 |
0000026320 |
| 005 |
20110524090000.0 |
| 090 |
0 |
0 |
|a CD 338.7
|b HON (H.K)
|
| 110 |
2 |
0 |
|a Hong Kong Trade Development Corporation (HKTDC)
|
| 245 |
2 |
0 |
|a Guide to doing business with EU :
|b Germany, UK, France & Italy.
|
| 260 |
0 |
0 |
|a Hong Kong:
|b HKTDC,
|c 2008.
|
| 300 |
# |
# |
|a Electronic computer potical disc (CD-ROM).
|
| 650 |
0 |
0 |
|a Business --
|z France
|
| 650 |
0 |
0 |
|a Business --
|z Germany
|
| 650 |
0 |
0 |
|a Business --
|z United Kingdom
|
| 650 |
0 |
0 |
|a Business --
|z Italy
|
| 650 |
0 |
0 |
|a Business --
|z European Union
|
| 651 |
0 |
0 |
|a United Kingdom
|
| 651 |
0 |
0 |
|a Germany
|
| 651 |
0 |
0 |
|a Italy
|
| 651 |
0 |
0 |
|a France
|
| 651 |
0 |
0 |
|a European Union
|
| 999 |
|
|
|a CDR001025B
|b CD-ROM
|c AV Collection
|e Business Information Centre
|